Les pommes dans l'Histoire (et dans les histoires) - Statistiques

Statistiques générales
  • Ce quiz a été pris 14 405 fois
  • Le résultat moyen est 8 sur 15
Statistiques - réponses
Indice Personnage % Correct
Elle l'a croquée aussi, elle n'aurait pas dû non plus, mais son réveil fut si doux... Blanche-Neige
92%
Elle l'a croquée... elle n'aurait pas dû ! Ève
87%
Il en a pris une sur la tête et la physique ne s'en est pas remise Isaac Newton
83%
Celle de son compagnon lui est restée coincée dans la gorge, et ça fait mâle ! Adam
79%
Patron disparu d'Apple Steve Jobs
71%
Cet enchanteur bien connu, issu de la mythologie celte, enseignait sous un pommier Merlin
58%
"Mangez des pommes" était son drôle de slogan électoral Jacques Chirac
55%
Elles ont gagné la célébrité en ratant leur tarte aux pommes Les soeurs Tatin
55%
Il devait atteindre d'une flèche la pomme posée sur la tête de son fils Guillaume Tell
52%
Celles du Jardin des Hespérides lui ont donné bien du travail Hercule
49%
La Reine des Pommes, qui est aussi une brune qui ne compte pas pour des prunes Lio
42%
Compositeur bien connu, vous savez, l'auteur de "Pomme Pomme Pomme Pomme" Beethoven
33%
Il a fait une belle boulette en attribuant la pomme d'or à la plus belle des trois déesses Pâris
29%
Lui aussi a chanté les pommes, mais avec des poires et des scoubidous, ah ! Sacha Distel
18%
Il a chanté "ma poooomme, c'est moaaaa" Maurice Chevalier
9%
Aucun quiz correspondant
Distribution des résultats
% des personnes avec chaque résultat
Percentile par nombre de réponses
Votre historique - résultats
Vous n’avez pas pris ce quiz